|
|
|
|
| LEADER |
00000nam a2200000 a 4500 |
| 001 |
vtls001399961 |
| 003 |
SK-MaSNL |
| 005 |
20260301161831.0 |
| 008 |
210928s1979 xo 0 slo |
| 020 |
|
|
|c 2,00
|
| 035 |
|
|
|a SNK000354429
|
| 040 |
|
|
|a SNK
|b slo
|c SNK
|e AACR2
|
| 041 |
0 |
|
|a slo
|
| 044 |
|
|
|a xo
|c SK
|
| 080 |
|
|
|a 779
|2 2. slo
|
| 110 |
2 |
|
|a Slovenské liečebné kúpele (Trenčianske Teplice, Slovensko)
|4 aut
|9 101072
|
| 245 |
1 |
|
|a Trenčianske Teplice
|h grafika
|b kúpelné mesto
|c František Vrbovský, Ľudovít Absolon, Milan Šmátrala
|
| 260 |
|
|
|a Bratislava
|b Pravda
|c 1979
|
| 300 |
|
|
|c 1 pohľadnica
|b farebný ofset, 4 čiastkové pohľady
|c 15x10cm
|
| 610 |
2 |
7 |
|a Trenčianske Teplice (Slovensko : kúpele)
|2 SNK
|9 187705
|
| 650 |
0 |
7 |
|a pohľadnice
|z Trenčianske Teplice (Slovensko:kúpele)
|2 SNK
|9 295415
|
| 700 |
1 |
|
|a Vrbovský, František
|c (fotograf)
|4 pht
|9 283300
|
| 700 |
1 |
|
|a Absolon, Ľudovít,
|d 1909-1988
|4 pht
|9 38194
|
| 700 |
1 |
|
|a Šmátrala, Milan
|4 pht
|9 5388
|
| 958 |
|
|
|a OND
|
| 999 |
|
|
|c 810985
|d 812915
|
| 952 |
|
|
|t P60, <03>, [BOOK], {603}
|a SNK
|b SNK
|y PREZ
|7 0
|o snkSP 150228
|i snkPV 1716/2000
|0 0
|1 0
|4 0
|d 2000-11-09
|l 0
|r 2005-01-02 00:00:00
|w 2026-02-24
|